Recenzia odbornej publikácie

Recenzia učebnice k problematike rozpočtových vzťahov, ktorá podrobne analyzuje systém vnútornej štruktúry rozpočtovej sústavy so zameraním sa na vybrané problémy rozpočtovej teórie, politiky a praxe.

Salvato in:
Dettagli Bibliografici
Autore principale: Zelezník, Juraj
Natura: Capitolo di libro
Lingua:slovacco
Soggetti:
Tags: Aggiungi Tag
Nessun Tag, puoi essere il primo ad aggiungerne!!

MARC

LEADER 00000nla a2200000 4500
001 0162191
005 20240502072817.7
041 0 |a slo 
044 |a SK 
245 1 0 |a Recenzia odbornej publikácie  |c Juraj Zelezník 
520 |a Recenzia učebnice k problematike rozpočtových vzťahov, ktorá podrobne analyzuje systém vnútornej štruktúry rozpočtovej sústavy so zameraním sa na vybrané problémy rozpočtovej teórie, politiky a praxe. 
610 2 0 |a recenzie 
610 2 0 |a politika rozpočtová 
610 2 0 |a financie verejné 
610 2 0 |a výdavky verejné 
610 2 0 |a pravidlá rozpočtové 
610 2 0 |a rozpočet štátny 
100 1 |a Zelezník, Juraj